How Did It End? - Taylor Swift (All Lyrics) - Statistics

General Stats
  • This quiz has been taken 1,895 times
    1,879 since last reset
  • The average score is 190 of 239
Answer Stats
Lyrics % Correct
a
98%
I
96%
We
95%
we
95%
D
94%
How
94%
it
94%
N
94%
The
94%
the
94%
did
93%
end?
93%
G
93%
Y
93%
in
92%
And
91%
and
91%
He
91%
my
90%
My
90%
of
90%
was
90%
again
89%
hear?
89%
me
89%
Our
89%
our
89%
all
88%
It's
88%
to
87%
tree
87%
no
86%
one,
86%
one
86%
One
86%
Sitting
86%
happenin'
85%
so
85%
know
84%
oh,
83%
oh)
83%
(Oh,
83%
oh
83%
Come
82%
come
82%
can
81%
friends
81%
tell
81%
Then
81%
then
81%
this
81%
who
81%
ghost
80%
Say
80%
they
80%
They
80%
were
80%
as
79%
beloved
79%
once
79%
We'll
79%
Except
78%
post
78%
with
78%
you
78%
like
77%
them
77%
death
76%
feeling
76%
hunger
76%
leaving
76%
Leaving
76%
at
75%
conduct
75%
Lost
75%
lost
75%
not
74%
she
74%
could
73%
empathetic
73%
hereby
73%
off"
73%
what
73%
breathing
72%
called
72%
mortem
72%
outdoorsmen
72%
are
71%
Didn't
71%
must
71%
rattle
71%
their
71%
go
70%
"Guess
70%
into
70%
husbands
69%
ran
69%
that
69%
trust
69%
'cause
68%
chance,
68%
cure
68%
dreaming
68%
gasp
68%
hot
68%
soul
68%
became
67%
can't
67%
chances?
67%
circles
67%
cousins
67%
house
67%
shops?
67%
flower
66%
game
66%
such
66%
Walking
66%
dances
65%
different
65%
don't
65%
him
65%
right
65%
Silenced
65%
birthright
64%
descends
64%
home
64%
steps
64%
they'll
64%
calling
63%
foreign
63%
learned
63%
reeling
63%
deflation
62%
pretend
62%
Soon,
62%
touch
60%
But
59%
understand
59%
blind
58%
circumstances
57%
still
56%
(Uh
55%
uh
55%
bereft
53%
Smug
53%
maladies
50%
glances
48%
feverishly
47%
victim
47%
fell
46%
unforeseen
43%
interloper's
33%
No matching quizzes found
Score Distribution
Percent of People with Each Score
Percentile by Number Answered
Your Score History
You have not taken this quiz since the last reset